[Event "1st League CS 2011"]
[Site "Kraljevo"]
[Date "2011.09.18"]
[Round "3.1"]
[White "Radovanovic, Jovica"]
[Black "Dmitrovic, Tomislav"]
[Result "1/2-1/2"]
[WhiteElo "2320"]
[BlackElo "2295"]
[PlyCount "27"]
[EventDate "2011.09.17"]

1. g3 Nf6 2. Bg2 g6 3. c4 Bg7 4. Nc3 O-O 5. Nf3 c6 6. O-O d5 7. cxd5 cxd5 8. d4
Ne4 9. Qb3 Nxc3 10. bxc3 Nc6 11. Nd2 e6 12. e4 Na5 13. Qd1 b6 14. Re1 1/2-1/2

[Event "1st League CS 2011"]
[Site "Kraljevo"]
[Date "2011.09.18"]
[Round "3.1"]
[White "Markovic, Marko"]
[Black "Ivanov, Mikhail M"]
[Result "1/2-1/2"]
[WhiteElo "2285"]
[BlackElo "2396"]
[PlyCount "22"]
[EventDate "2011.09.17"]

1. e4 e5 2. Nf3 Nc6 3. Bb5 a6 4. Ba4 Nf6 5. O-O Be7 6. Re1 b5 7. Bb3 d6 8. h3
O-O 9. c3 Na5 10. Bc2 c5 11. d4 d5 1/2-1/2

[Event "1st League CS 2011"]
[Site "Kraljevo"]
[Date "2011.09.18"]
[Round "3.1"]
[White "Misojcic, Miroslav"]
[Black "Trifunovic, Miroljub"]
[Result "1/2-1/2"]
[WhiteElo "2242"]
[BlackElo "2305"]
[PlyCount "26"]
[EventDate "2011.09.17"]

1. d4 d5 2. c4 e6 3. Nf3 Be7 4. Nc3 Nf6 5. Bg5 h6 6. Bh4 O-O 7. e3 b6 8. Bxf6
Bxf6 9. cxd5 exd5 10. Qd2 Bb7 11. Rd1 Re8 12. Be2 Nd7 13. O-O Nf8 1/2-1/2

[Event "1st League CS 2011"]
[Site "Kraljevo"]
[Date "2011.09.18"]
[Round "3.1"]
[White "Zafirovski, Mite"]
[Black "Urosevic, Zoran"]
[Result "1/2-1/2"]
[WhiteElo "2239"]
[BlackElo "2269"]
[PlyCount "23"]
[EventDate "2011.09.17"]

1. d4 Nf6 2. c4 c5 3. d5 e5 4. Nc3 d6 5. e4 Nbd7 6. Nf3 Be7 7. g3 Nf8 8. Bg2
Ng6 9. a3 a5 10. h4 h6 11. Nd2 Nd7 12. Bh3 1/2-1/2

[Event "1st League CS 2011"]
[Site "Kraljevo"]
[Date "2011.09.18"]
[Round "3.1"]
[White "Misic, Dragan"]
[Black "Turudic, Nenad"]
[Result "1/2-1/2"]
[WhiteElo "2291"]
[BlackElo "2192"]
[PlyCount "38"]
[EventDate "2011.09.17"]

1. d4 d5 2. Nf3 Nf6 3. c4 e6 4. Nc3 c5 5. cxd5 exd5 6. e3 a6 7. dxc5 Bxc5 8.
Be2 Nc6 9. O-O O-O 10. a3 Re8 11. b4 Ba7 12. Bb2 d4 13. exd4 Nxd4 14. Nxd4 Bxd4
15. Bf3 Rb8 16. Na4 Bxb2 17. Nxb2 Be6 18. Qxd8 Rexd8 19. Rfd1 Bd5 1/2-1/2

[Event "1st League CS 2011"]
[Site "Kraljevo"]
[Date "2011.09.18"]
[Round "3.2"]
[White "Milanovic, Slavisa"]
[Black "Bojkov, Dejan"]
[Result "0-1"]
[WhiteElo "2411"]
[BlackElo "2541"]
[PlyCount "112"]
[EventDate "2011.09.17"]

1. c4 Nf6 2. Nc3 g6 3. e4 d6 4. d4 Bg7 5. Nf3 O-O 6. h3 Na6 7. Bg5 Qe8 8. Be2
e5 9. d5 Bd7 10. g4 Nc5 11. Nd2 a5 12. Be3 Qc8 13. Rg1 Kh8 14. h4 Ng8 15. Nf1
f5 16. gxf5 gxf5 17. exf5 Bxf5 18. Ng3 e4 19. Qd2 a4 20. Bd4 Nd3+ 21. Bxd3 Bxd4
22. Bxe4 Be5 23. f4 Bxf4 24. Qxf4 Bxe4 25. Qe3 Bf3 26. Qd4+ Nf6 27. Kd2 Qg4 28.
Nb5 Qxd4+ 29. Nxd4 Nd7 30. Ne6 Rf6 31. Raf1 Ne5 32. Kc3 Rg8 33. Ng5 h6 34. N3e4
Rf4 35. Nxf3 Rxg1 36. Rxg1 Rxf3+ 37. Kb4 Rf4 38. Nd2 Rxh4 39. b3 Rd4 40. Rg2
axb3 41. axb3 h5 42. Kc3 Rf4 43. c5 h4 44. cxd6 cxd6 45. Nc4 h3 46. Rh2 Rf3+
47. Kb4 Ng4 48. Rh1 Nf2 49. Rh2 Ne4 50. Na5 Kg7 51. Nxb7 Kf6 52. Re2 Rf4 53.
Kb5 Nf2 54. Nxd6 Kg6 55. Nc4 h2 56. Re1 Rf5 0-1

[Event "1st League CS 2011"]
[Site "Kraljevo"]
[Date "2011.09.18"]
[Round "3.2"]
[White "Rajkovic, Dusan"]
[Black "Ivanovic, Dragutin"]
[Result "0-1"]
[WhiteElo "2415"]
[BlackElo "2352"]
[PlyCount "62"]
[EventDate "2011.09.17"]

1. d4 d5 2. c4 e6 3. Nc3 c5 4. cxd5 cxd4 5. Qxd4 Bd7 6. Qc4 exd5 7. Qxd5 Nc6 8.
Nf3 Nf6 9. Qd1 Bc5 10. e3 Qe7 11. Be2 O-O-O 12. O-O g5 13. a3 g4 14. Nd4 Qe5
15. Ncb5 a6 16. b4 Bb6 17. Nxc6 Bxc6 18. Nd4 Rxd4 19. exd4 Qe4 20. f3 Qxd4+ 21.
Qxd4 Bxd4+ 22. Be3 Bxe3+ 23. Kh1 Re8 24. Ra2 h5 25. a4 Bd5 26. Rc2+ Kb8 27.
fxg4 Nxg4 28. h3 Nf2+ 29. Kh2 h4 30. Bh5 Re5 31. Re2 Rg5 0-1

[Event "1st League CS 2011"]
[Site "Kraljevo"]
[Date "2011.09.18"]
[Round "3.2"]
[White "Sandic, Vladeta"]
[Black "Todorovic, Goran N"]
[Result "1/2-1/2"]
[WhiteElo "2334"]
[BlackElo "2396"]
[PlyCount "20"]
[EventDate "2011.09.17"]

1. d4 Nf6 2. c4 e6 3. Nc3 Bb4 4. Qc2 O-O 5. a3 Bxc3+ 6. Qxc3 b6 7. Bg5 Bb7 8.
Nf3 d6 9. e3 Nbd7 10. Be2 c5 1/2-1/2

[Event "1st League CS 2011"]
[Site "Kraljevo"]
[Date "2011.09.18"]
[Round "3.2"]
[White "Djokic, Nenad"]
[Black "Nikolic, Dragovan"]
[Result "1-0"]
[WhiteElo "2362"]
[BlackElo "2262"]
[PlyCount "63"]
[EventDate "2011.09.17"]

1. d4 d5 2. c4 e6 3. Nc3 c5 4. cxd5 cxd4 5. Qxd4 Nc6 6. Qd1 exd5 7. Qxd5 Bd7 8.
Nf3 Nf6 9. Qd1 Bc5 10. e3 Qe7 11. Be2 O-O-O 12. a3 Bh3 13. Qa4 Bxg2 14. Rg1 Bh3
15. Bd2 Bd7 16. Qc2 g6 17. b4 Bxb4 18. axb4 Nxb4 19. Qb2 Bc6 20. Nb5 Nd3+ 21.
Bxd3 Bxf3 22. Be2 Bd5 23. Bc3 Ne4 24. Nxa7+ Kd7 25. Bb5+ Ke6 26. Bxh8 Rxh8 27.
Bd3 Rd8 28. Nb5 Nc5 29. Nd4+ Kd7 30. Be2 Ke8 31. Bb5+ Bc6 32. Nxc6 1-0

[Event "1st League CS 2011"]
[Site "Kraljevo"]
[Date "2011.09.18"]
[Round "3.2"]
[White "Sorgic, Dragan"]
[Black "Stankovic, Dragan P"]
[Result "1-0"]
[WhiteElo "2242"]
[BlackElo "2274"]
[PlyCount "93"]
[EventDate "2011.09.17"]

1. e4 c5 2. Nf3 e6 3. d3 Nc6 4. g3 Nge7 5. Bg2 d5 6. Nbd2 g6 7. O-O Bg7 8. Re1
O-O 9. c3 b5 10. e5 Qc7 11. Qe2 b4 12. Nf1 bxc3 13. bxc3 Qa5 14. Qc2 Ba6 15.
Bg5 Qb5 16. Red1 Rab8 17. Rab1 Qa5 18. Ne3 Bb5 19. Qd2 Ba4 20. Rdc1 Rxb1 21.
Rxb1 d4 22. cxd4 Qxd2 23. Nxd2 cxd4 24. Ng4 Nd5 25. Bxd5 exd5 26. Nf3 Re8 27.
Nf6+ Bxf6 28. Bxf6 h6 29. h4 Rc8 30. Rc1 Rb8 31. Kg2 Nb4 32. Nxd4 Nxd3 33. Rc7
a6 34. h5 gxh5 35. Nf5 Kh7 36. Rxf7+ Kg6 37. Nd6 Rg8 38. f4 h4 39. Bxh4 Rb8 40.
g4 Rb2+ 41. Kg3 Nxf4 42. Rxf4 Rxa2 43. Rf6+ Kh7 44. Rf7+ Kg8 45. Bf6 Re2 46.
Rg7+ Kf8 47. Rh7 1-0

[Event "1st League CS 2011"]
[Site "Kraljevo"]
[Date "2011.09.18"]
[Round "3.2"]
[White "Radusinovic, Lazar"]
[Black "Vuckovic, Branko"]
[Result "1-0"]
[WhiteElo "2308"]
[BlackElo "2271"]
[PlyCount "111"]
[EventDate "2011.09.17"]

1. d4 d5 2. c4 c6 3. Nc3 Nf6 4. cxd5 cxd5 5. Bf4 Nc6 6. e3 Bf5 7. Qb3 Na5 8.
Qa4+ Bd7 9. Bb5 Nc6 10. Nf3 a6 11. Bxc6 Bxc6 12. Qb3 Nh5 13. Bg3 Nxg3 14. hxg3
f6 15. Nh4 Rg8 16. e4 e6 17. exd5 exd5 18. O-O-O Qd7 19. Rde1+ Be7 20. Qa3 Kd8
21. Qb3 Rc8 22. Qb6+ Qc7 23. Qxc7+ Rxc7 24. Nf5 Bb4 25. Kd2 h6 26. a3 Ba5 27.
g4 Re8 28. Rxe8+ Kxe8 29. b4 Bb6 30. Re1+ Kd8 31. Kd3 Ba7 32. Re6 Rf7 33. a4
Bb8 34. b5 Bd7 35. Rb6 axb5 36. axb5 Kc8 37. f3 h5 38. Nxd5 hxg4 39. Nfe7+ Kd8
40. Rxb7 Bd6 41. Nc6+ Bxc6 42. bxc6 Rxb7 43. cxb7 gxf3 44. gxf3 Kd7 45. Ke4 Kc6
46. Ne7+ Kxb7 47. Nf5 Bf8 48. Kd5 g6 49. Nh4 g5 50. Nf5 Ba3 51. Ke6 Bc1 52.
Kxf6 Kc7 53. Ke6 Kd8 54. d5 Bb2 55. d6 Ba3 56. Nh6 1-0

[Event "1st League CS 2011"]
[Site "Kraljevo"]
[Date "2011.09.18"]
[Round "3.3"]
[White "Simantsev, Mikhail"]
[Black "Stojanovski, Dejan"]
[Result "1-0"]
[WhiteElo "2549"]
[BlackElo "2427"]
[PlyCount "89"]
[EventDate "2011.09.17"]

1. d4 Nf6 2. c4 e6 3. Nc3 Bb4 4. f3 c5 5. d5 b5 6. e4 O-O 7. Bg5 h6 8. Bh4 Re8
9. dxe6 Rxe6 10. Bd3 Nc6 11. Nge2 g5 12. Bg3 Ne5 13. Bxe5 Rxe5 14. O-O Bxc3 15.
Nxc3 b4 16. Ne2 d6 17. Ng3 Be6 18. b3 Qe7 19. Bc2 a5 20. a4 Kf8 21. Qd2 Rd8 22.
Rad1 Ke8 23. Nh1 Nh5 24. g3 Bc8 25. Nf2 Nf6 26. Rfe1 Bb7 27. Re3 Re6 28. f4
gxf4 29. gxf4 d5 30. e5 dxc4 31. Qxd8+ Qxd8 32. Rxd8+ Kxd8 33. bxc4 Nh5 34. f5
Re8 35. Nd3 Rg8+ 36. Kf1 Rg2 37. Re2 Rxe2 38. Kxe2 Be4 39. Nxb4 cxb4 40. Bxe4
Ng7 41. c5 Ne8 42. Kd3 f6 43. e6 Nc7 44. Kc4 Ke7 45. Bc2 1-0

[Event "1st League CS 2011"]
[Site "Kraljevo"]
[Date "2011.09.18"]
[Round "3.3"]
[White "Djukic, Zeljko"]
[Black "Milenkovic, Mladen"]
[Result "1/2-1/2"]
[WhiteElo "2399"]
[BlackElo "2396"]
[PlyCount "26"]
[EventDate "2011.09.17"]

1. d4 g6 2. c4 Bg7 3. Nc3 d6 4. e4 Nf6 5. f3 O-O 6. Bg5 c5 7. d5 h6 8. Be3 e6
9. Qd2 exd5 10. cxd5 h5 11. Nge2 Nbd7 12. Nc1 a6 13. a4 Re8 1/2-1/2

[Event "1st League CS 2011"]
[Site "Kraljevo"]
[Date "2011.09.18"]
[Round "3.3"]
[White "Milosevic, Aleksandar"]
[Black "Mitrovic, Darko R"]
[Result "1-0"]
[WhiteElo "2275"]
[BlackElo "2303"]
[PlyCount "97"]
[EventDate "2011.09.17"]

1. Nf3 Nf6 2. c4 e6 3. Nc3 Bb4 4. Qc2 O-O 5. a3 Bxc3 6. Qxc3 d6 7. g3 b6 8. Bg2
Bb7 9. O-O Nbd7 10. b4 Qe7 11. Bb2 e5 12. Rfe1 Ne4 13. Qc2 Nef6 14. Nxe5 Bxg2
15. Nxd7 Nxd7 16. Kxg2 f5 17. e3 Rae8 18. Qd3 Rf7 19. f4 c6 20. h4 Nf8 21. Rac1
Qe6 22. Qe2 Qd7 23. Qf3 Rfe7 24. Kf2 Ng6 25. Rg1 Rf7 26. Rce1 c5 27. h5 Nf8 28.
h6 g6 29. e4 fxe4 30. Qc3 Re5 31. Rxe4 Ne6 32. Rge1 Nd4 33. Rxe5 dxe5 34. Rxe5
Qh3 35. Kg1 Qxh6 36. Qe3 Qh3 37. bxc5 bxc5 38. Rxc5 Re7 39. Re5 Rxe5 40. fxe5
Nf5 41. Qf3 Qxg3+ 42. Qxg3 Nxg3 43. Kf2 Nf5 44. d4 g5 45. d5 Kf7 46. c5 h5 47.
e6+ Ke7 48. Be5 g4 49. c6 1-0

[Event "1st League CS 2011"]
[Site "Kraljevo"]
[Date "2011.09.18"]
[Round "3.3"]
[White "Djokic, Vladan"]
[Black "Dezelin, Milan"]
[Result "1/2-1/2"]
[WhiteElo "2299"]
[BlackElo "2287"]
[PlyCount "26"]
[EventDate "2011.09.17"]

1. e4 c5 2. Nf3 Nc6 3. Bb5 g6 4. Bxc6 bxc6 5. O-O Bg7 6. d3 Rb8 7. c3 d6 8. h3
e5 9. Qa4 Qc7 10. Nbd2 Ne7 11. Re1 O-O 12. a3 a5 13. Nc4 Ba6 1/2-1/2

[Event "1st League CS 2011"]
[Site "Kraljevo"]
[Date "2011.09.18"]
[Round "3.3"]
[White "Cvetanovic, Uros"]
[Black "Djukic, Stevan"]
[Result "0-1"]
[WhiteElo "2236"]
[BlackElo "2226"]
[PlyCount "91"]
[EventDate "2011.09.17"]

1. e4 e6 2. d4 d5 3. e5 c5 4. c3 Nc6 5. Nf3 Nge7 6. a3 Nf5 7. b4 cxd4 8. cxd4
Bd7 9. Be3 b5 10. Bxb5 Nxe5 11. Bxd7+ Nxd7 12. O-O a5 13. b5 a4 14. Nc3 Nb6 15.
Ne5 Bd6 16. Nc6 Qc7 17. h3 Nc4 18. Bc1 Na5 19. g4 Nh4 20. Bg5 Ng6 21. Nxa4 Bf4
22. Bxf4 Nxf4 23. Ne5 f6 24. Nd3 Nxh3+ 25. Kg2 Nf4+ 26. Nxf4 Qxf4 27. Nc5 Kf7
28. Qe2 Rae8 29. Rad1 Nc4 30. Rd3 Re7 31. Qf3 Qg5 32. Qg3 h5 33. f4 Qg6 34. g5
h4 35. Qh3 fxg5 36. fxg5+ Ke8 37. Re1 Rh5 38. Nxe6 Rxg5+ 39. Kh1 Nd6 40. Rf3
Nf5 41. Rxf5 Rxf5 42. Nxg7+ Qxg7 43. Rxe7+ Qxe7 44. Qxf5 Qe4+ 45. Qxe4+ dxe4
46. b6 0-1

[Event "1st League CS 2011"]
[Site "Kraljevo"]
[Date "2011.09.18"]
[Round "3.4"]
[White "Mista, Aleksander"]
[Black "Blesic, Vaso"]
[Result "1-0"]
[WhiteElo "2561"]
[BlackElo "2397"]
[PlyCount "65"]
[EventDate "2011.09.17"]

1. e4 c5 2. Nf3 g6 3. d4 cxd4 4. Nxd4 Nc6 5. Nc3 Bg7 6. Be3 Nf6 7. Bc4 O-O 8.
Bb3 a5 9. O-O d6 10. h3 Nxd4 11. Bxd4 Bd7 12. a4 Bc6 13. Re1 Nd7 14. Bxg7 Kxg7
15. Qd4+ Kg8 16. Nd5 Nc5 17. Re3 Rc8 18. h4 e5 19. Qd2 Nxb3 20. Rxb3 Bxd5 21.
exd5 Qxh4 22. Rxb7 Qc4 23. Qxa5 Qxc2 24. Qb4 Rc5 25. Rb5 Rc4 26. Qb3 Qe4 27. a5
Kg7 28. a6 Rfc8 29. Qe3 Qf5 30. a7 Rh4 31. g3 Re4 32. Qxe4 Qxe4 33. Rb8 1-0

[Event "1st League CS 2011"]
[Site "Kraljevo"]
[Date "2011.09.18"]
[Round "3.4"]
[White "Raicevic, Momcilo"]
[Black "Nestorovic, Nikola"]
[Result "1/2-1/2"]
[WhiteElo "2379"]
[BlackElo "2464"]
[PlyCount "88"]
[EventDate "2011.09.17"]

1. c4 e5 2. g3 Nf6 3. Bg2 Nc6 4. Nf3 Bc5 5. Nc3 d6 6. O-O a6 7. e3 Ba7 8. d4
O-O 9. dxe5 dxe5 10. b3 Bf5 11. Ba3 Re8 12. Nh4 Bd3 13. Re1 e4 14. Ne2 Ne5 15.
Bb2 g5 16. Nf5 Qd7 17. Ned4 Bxd4 18. exd4 Qxf5 19. dxe5 Nd7 20. f3 exf3 21.
Qxf3 Qxf3 22. Bxf3 c6 23. Bg4 Nf8 24. h4 gxh4 25. gxh4 Ne6 26. Rad1 Rad8 27.
Re3 Bg6 28. Rd6 Nc5 29. Bd4 f5 30. Bxf5 Rxd6 31. exd6 Rxe3 32. Bxe3 Bxf5 33.
Bxc5 Kf7 34. Kf2 Ke6 35. Ke3 Bb1 36. Kd2 Kd7 37. a4 Bf5 38. Ba3 Be6 39. Kc3 Bf5
40. c5 Be6 41. Bb4 Bf7 42. Ba5 Bh5 43. Bc7 Bd1 44. Kb4 Bc2 1/2-1/2

[Event "1st League CS 2011"]
[Site "Kraljevo"]
[Date "2011.09.18"]
[Round "3.4"]
[White "Todorovic, Jovan"]
[Black "Jovanovic, Nenad R"]
[Result "1-0"]
[WhiteElo "2420"]
[BlackElo "2338"]
[PlyCount "63"]
[EventDate "2011.09.17"]

1. e4 d5 2. exd5 Nf6 3. c4 c6 4. d4 cxd5 5. Nc3 e6 6. Nf3 Nc6 7. c5 Ne4 8. Bd3
f5 9. Bb5 Bd7 10. Bxc6 Bxc6 11. Ne5 g6 12. O-O Bg7 13. Nxc6 bxc6 14. f3 Ng5 15.
Re1 Kd7 16. b4 Qf6 17. Be3 f4 18. Bf2 Rhb8 19. Rb1 Nf7 20. b5 Nd8 21. Qa4 Rc8
22. bxc6+ Rxc6 23. Rb3 Qf5 24. Reb1 Rac8 25. Rb7+ Nxb7 26. Rxb7+ R8c7 27. Rxc7+
Kxc7 28. Qxa7+ Kc8 29. Qa8+ Kd7 30. Qb7+ Rc7 31. c6+ Kd8 32. Qb8+ 1-0

[Event "1st League CS 2011"]
[Site "Kraljevo"]
[Date "2011.09.18"]
[Round "3.4"]
[White "Vencl, Radivoje"]
[Black "Mijailovic, Zoran"]
[Result "0-1"]
[WhiteElo "2315"]
[BlackElo "2414"]
[PlyCount "78"]
[EventDate "2011.09.17"]

1. d4 c5 2. d5 Nf6 3. Nc3 g6 4. e4 d6 5. Bg5 Bg7 6. Bb5+ Bd7 7. Bxd7+ Nbxd7 8.
Nge2 b5 9. f3 b4 10. Na4 O-O 11. O-O Qa5 12. c3 bxc3 13. Naxc3 Rfb8 14. b3 Ne8
15. Rc1 Qd8 16. Qc2 Nc7 17. Rb1 Nb5 18. Nxb5 Rxb5 19. Nc3 Rb7 20. f4 Qa5 21.
Ne2 Nf6 22. Rfd1 Qb4 23. Bxf6 Bxf6 24. Kf2 Rab8 25. Kf3 Qa3 26. Rd3 Rb4 27. Re3
Qa6 28. Rd1 c4 29. e5 cxb3 30. axb3 dxe5 31. fxe5 Bxe5 32. g3 Bf6 33. Kg2 Qb7
34. Rdd3 Rc8 35. Qd1 Rd8 36. Rf3 Rd6 37. h4 Rb5 38. Nc3 Bxc3 39. Rxc3 Rbxd5 0-1

[Event "1st League CS 2011"]
[Site "Kraljevo"]
[Date "2011.09.18"]
[Round "3.4"]
[White "Lapcevic, Milos"]
[Black "Lukic, Dragan M"]
[Result "1/2-1/2"]
[WhiteElo "2420"]
[BlackElo "2307"]
[PlyCount "52"]
[EventDate "2011.09.17"]

1. d4 d5 2. c4 e6 3. Nc3 c6 4. Nf3 Nf6 5. Bg5 dxc4 6. e4 b5 7. e5 h6 8. Bh4 g5
9. Nxg5 hxg5 10. Bxg5 Nbd7 11. exf6 Bb7 12. g3 c5 13. d5 Qc7 14. Nxb5 Qe5+ 15.
Be2 Qxg5 16. Nc7+ Kd8 17. dxe6 Kxc7 18. Qxd7+ Kb6 19. e7 Bxe7 20. fxe7 Bxh1 21.
a4 Qd5 22. Qb5+ Kc7 23. Qa5+ Kb7 24. Qb5+ Kc7 25. Qa5+ Kb7 26. Qb5+ Kc7 1/2-1/2

[Event "1st League CS 2011"]
[Site "Kraljevo"]
[Date "2011.09.18"]
[Round "3.4"]
[White "Ristovic, Radovan"]
[Black "Jesic, Dusan"]
[Result "0-1"]
[WhiteElo "2107"]
[BlackElo "2365"]
[PlyCount "69"]
[EventDate "2011.09.17"]

1. e4 c5 2. c3 Nf6 3. e5 Nd5 4. d4 cxd4 5. Qxd4 e6 6. Nf3 Nc6 7. Qe4 f5 8. exf6
Nxf6 9. Qe2 d5 10. g3 Bd6 11. Bg2 O-O 12. O-O e5 13. Be3 Bg4 14. h3 Bf5 15.
Nbd2 h6 16. Nb3 b6 17. Rad1 Qc7 18. Bc1 Rae8 19. Rfe1 Qd7 20. Nh4 Be4 21. Bxe4
Nxe4 22. Be3 Ne7 23. Nd2 Nf6 24. Nf1 g5 25. Ng2 Nf5 26. Nh2 Ne4 27. Rf1 d4 28.
Bc1 Nc5 29. g4 Ng7 30. b3 d3 31. Rxd3 Nxd3 32. Qxd3 Qc7 33. Rd1 Re6 34. Nf1 e4
35. c4 0-1

[Event "1st League CS 2011"]
[Site "Kraljevo"]
[Date "2011.09.18"]
[Round "3.5"]
[White "Radulski, Julian"]
[Black "Vratonjic, Slobo"]
[Result "1-0"]
[WhiteElo "2572"]
[BlackElo "2396"]
[PlyCount "61"]
[EventDate "2011.09.17"]

1. e4 c5 2. Nf3 e6 3. d4 cxd4 4. Nxd4 Nc6 5. Nc3 Qc7 6. g3 a6 7. Bg2 Nf6 8. O-O
d6 9. Re1 Rb8 10. Nxc6 bxc6 11. b3 Be7 12. Na4 Nd7 13. Bb2 O-O 14. Qd2 Bb7 15.
Rad1 c5 16. Bc3 c4 17. Nb2 cxb3 18. cxb3 Rbc8 19. Ba5 Qc2 20. Nc4 Rxc4 21. bxc4
Qxc4 22. Qb4 Qc6 23. Rb1 Ba8 24. Qc3 Nc5 25. Qc4 Bd8 26. Bxd8 Rxd8 27. f3 Kf8
28. Red1 Ke7 29. e5 Na4 30. Qh4+ Ke8 31. Rxd6 1-0

[Event "1st League CS 2011"]
[Site "Kraljevo"]
[Date "2011.09.18"]
[Round "3.5"]
[White "Solomunovic, Igor"]
[Black "Arsovic, Zoran"]
[Result "1-0"]
[WhiteElo "2402"]
[BlackElo "2444"]
[PlyCount "65"]
[EventDate "2011.09.17"]

1. d4 Nf6 2. Nf3 g6 3. Bg5 Bg7 4. c3 O-O 5. Nbd2 d6 6. e3 c5 7. Bd3 Qb6 8. O-O
Nc6 9. a3 cxd4 10. exd4 e5 11. b4 exd4 12. Nc4 Qc7 13. Nxd4 Nxd4 14. cxd4 Be6
15. Rc1 Nd5 16. Be4 Qd7 17. Qf3 h6 18. Bxd5 Bxd5 19. Qxd5 hxg5 20. Qxg5 b5 21.
Ne3 Bxd4 22. Nd5 Rad8 23. Rfd1 Bg7 24. Rc7 Qe6 25. Re7 Qc8 26. Re3 Rfe8 27.
Ne7+ Rxe7 28. Rxe7 Qc2 29. Qd5 Qc4 30. Rxa7 Re8 31. Ra8 Rxa8 32. Qxa8+ Bf8 33.
g3 1-0

[Event "1st League CS 2011"]
[Site "Kraljevo"]
[Date "2011.09.18"]
[Round "3.5"]
[White "Marinkovic, Ivan"]
[Black "Kojovic, Dragan"]
[Result "1/2-1/2"]
[WhiteElo "2425"]
[BlackElo "2367"]
[PlyCount "50"]
[EventDate "2011.09.17"]

1. Nf3 d5 2. c4 d4 3. b4 c5 4. Qa4+ Qd7 5. Qxd7+ Nxd7 6. b5 e5 7. d3 Bd6 8. g3
Ngf6 9. Nfd2 Bc7 10. Bg2 O-O 11. Nb3 Re8 12. N1d2 Rb8 13. O-O b6 14. Re1 Bb7
15. Bxb7 Rxb7 16. e4 dxe3 17. Rxe3 Rd8 18. h3 Nf8 19. Bb2 Ng6 20. Rae1 Bb8 21.
Nf3 Nd7 22. a4 f6 23. a5 Ndf8 24. Ra1 Rbd7 25. Ne1 h5 1/2-1/2

[Event "1st League CS 2011"]
[Site "Kraljevo"]
[Date "2011.09.18"]
[Round "3.5"]
[White "Sredojevic, Ivan"]
[Black "Martinovic, Slobodan"]
[Result "1/2-1/2"]
[WhiteElo "2426"]
[BlackElo "2436"]
[PlyCount "66"]
[EventDate "2011.09.17"]

1. e4 c5 2. Nf3 Nc6 3. d4 cxd4 4. Nxd4 Qb6 5. Nb3 Nf6 6. Bd3 e6 7. O-O Be7 8.
Nc3 O-O 9. Kh1 d6 10. f4 Qc7 11. Qe2 Nb4 12. Bd2 Nxd3 13. cxd3 b6 14. e5 dxe5
15. fxe5 Nd7 16. d4 Bb7 17. Rac1 Qd8 18. Qg4 Kh8 19. Ne4 f5 20. exf6 Nxf6 21.
Nxf6 Rxf6 22. Rxf6 Bxf6 23. Qxe6 a5 24. Bc3 Bd5 25. Qg4 h6 26. Nd2 Bxa2 27. Nf3
Qc8 28. Qg6 Qe8 29. Qc2 Bd5 30. Ne5 Qh5 31. Rf1 Kg8 32. Nd7 Kf7 33. Nxb6 Rd8
1/2-1/2

[Event "1st League CS 2011"]
[Site "Kraljevo"]
[Date "2011.09.18"]
[Round "3.5"]
[White "Arsovic, Goran"]
[Black "Govedarica, Radovan"]
[Result "1/2-1/2"]
[WhiteElo "2409"]
[BlackElo "2389"]
[PlyCount "33"]
[EventDate "2011.09.17"]

1. d4 Nf6 2. Nf3 e6 3. c4 d5 4. Nc3 dxc4 5. e3 c5 6. Bxc4 a6 7. a4 Be7 8. O-O
O-O 9. Qe2 Nc6 10. Rd1 cxd4 11. exd4 Nb4 12. Ne5 Nfd5 13. Qf3 Qd6 14. Bb3 Bd7
15. Nxd5 Nxd5 16. Bxd5 exd5 17. Bf4 1/2-1/2

[Event "1st League CS 2011"]
[Site "Kraljevo"]
[Date "2011.09.18"]
[Round "3.5"]
[White "Lazic, Dragoljub"]
[Black "Simonovic, Aleksandar"]
[Result "1-0"]
[WhiteElo "2295"]
[BlackElo "2401"]
[Annotator "Milojevic,Boban"]
[PlyCount "43"]
[EventDate "2011.09.17"]

1. e4 c5 2. Nf3 Nc6 3. d4 cxd4 4. Nxd4 Nf6 5. Nc3 d6 6. Bc4 Qb6 7. Nxc6 bxc6 8.
O-O g6 9. Qe1 Qc5 10. b3 Bg7 11. Bb2 O-O 12. Rd1 Nd7 13. Na4 Qh5 14. Bxg7 Kxg7
15. f4 Nb6 16. Be2 Bg4 17. Bxg4 Qxg4 18. Nb2 Kg8 19. Nd3 Qc8 20. f5 Nd7 21. e5
dxe5 22. Nxe5 {...time} 1-0

[Event "1st League CS 2011"]
[Site "Kraljevo"]
[Date "2011.09.18"]
[Round "3.6"]
[White "Misailovic, Nebojsa"]
[Black "Markovic, Zoran S"]
[Result "0-1"]
[WhiteElo "2301"]
[BlackElo "2364"]
[PlyCount "94"]
[EventDate "2011.09.17"]

1. d4 d5 2. c4 e6 3. Nc3 Nf6 4. Bg5 Be7 5. Nf3 O-O 6. e3 h6 7. Bh4 b6 8. cxd5
Nxd5 9. Bxe7 Qxe7 10. Nxd5 exd5 11. Be2 Be6 12. Rc1 c5 13. dxc5 bxc5 14. O-O
Rc8 15. b4 cxb4 16. Rxc8+ Bxc8 17. Qxd5 Bb7 18. Qf5 Nd7 19. Rc1 Nf6 20. Ne5 Bd5
21. Bd3 Be6 22. Qf4 Qd6 23. Rd1 Qc7 24. Bb1 Rd8 25. Rf1 Nd5 26. Qe4 Nf6 27. Qf4
a5 28. h3 Rd5 29. Nd3 Qxf4 30. Nxf4 Rd2 31. Nxe6 fxe6 32. Rc1 Nd5 33. Rc8+ Kf7
34. Bc2 Nc3 35. Rc7+ Kf6 36. Bh7 Rxa2 37. f4 Nd5 38. Rc6 Nxe3 39. Bg8 Rxg2+ 40.
Kh1 Re2 41. Rxe6+ Kf5 42. Kg1 b3 43. Ra6 b2 44. Ba2 Kxf4 45. Rg6 Kf3 46. Rb6
Re1+ 47. Kh2 Nf1+ 0-1

[Event "1st League CS 2011"]
[Site "Kraljevo"]
[Date "2011.09.18"]
[Round "3.6"]
[White "Nestorovic, Dejan"]
[Black "Pavlovic, Dejan S"]
[Result "1/2-1/2"]
[WhiteElo "2390"]
[BlackElo "2430"]
[PlyCount "56"]
[EventDate "2011.09.17"]

1. d4 d5 2. c4 c6 3. Nf3 Nf6 4. e3 Bf5 5. Nc3 e6 6. Nh4 Bg6 7. Qb3 Qc7 8. Bd2
Ne4 9. Nxe4 Bxe4 10. f3 Bg6 11. O-O-O Nd7 12. Be1 Bd6 13. c5 Be7 14. Bg3 Qc8
15. Nxg6 hxg6 16. e4 b6 17. cxb6 axb6 18. Kb1 Qb7 19. exd5 exd5 20. Re1 Kf8 21.
Bd3 c5 22. dxc5 Nxc5 23. Qc3 Rh5 24. Bc2 Bf6 25. Be5 Rxe5 26. Rxe5 Rd8 27. Rhe1
Bxe5 28. Qxe5 Qd7 1/2-1/2

[Event "1st League CS 2011"]
[Site "Kraljevo"]
[Date "2011.09.18"]
[Round "3.6"]
[White "Ratkovic, Milovan"]
[Black "Kostic, Nebojsa"]
[Result "0-1"]
[WhiteElo "2177"]
[BlackElo "2295"]
[PlyCount "58"]
[EventDate "2011.09.17"]

1. d4 d6 2. Nf3 Bg4 3. e4 Nf6 4. Nc3 Nbd7 5. Be3 c6 6. Be2 e5 7. h3 Bxf3 8.
Bxf3 Be7 9. O-O O-O 10. Ne2 Re8 11. Ng3 g6 12. Be2 h5 13. Bd3 h4 14. Ne2 d5 15.
exd5 Nxd5 16. Bc4 N7b6 17. Bb3 Bf6 18. dxe5 Bxe5 19. Bd4 Qf6 20. c3 Rad8 21.
Re1 c5 22. Bxe5 Rxe5 23. Nc1 Nf4 24. Qxd8+ Qxd8 25. Rxe5 c4 26. Re4 Qg5 27.
Rxf4 Qxf4 28. Bc2 Qd2 29. Be4 f5 0-1

[Event "1st League CS 2011"]
[Site "Kraljevo"]
[Date "2011.09.18"]
[Round "3.6"]
[White "Organdziev, Oliver"]
[Black "Civric, Zdravko"]
[Result "1/2-1/2"]
[WhiteElo "2300"]
[BlackElo "2203"]
[PlyCount "93"]
[EventDate "2011.09.17"]

1. e4 d5 2. e5 c5 3. c3 Nc6 4. f4 d4 5. Bc4 e6 6. Nf3 Nh6 7. O-O Be7 8. d3 O-O
9. Nbd2 Rb8 10. Ne4 b5 11. Bb3 Bb7 12. Ng3 Qd7 13. h3 Rfd8 14. c4 Na5 15. cxb5
Nxb3 16. Qxb3 Bd5 17. Qc2 Qxb5 18. b3 a5 19. Ba3 Bf8 20. Nd2 Nf5 21. Nxf5 exf5
22. Nc4 Ra8 23. Nb2 Ra6 24. Rac1 Rc8 25. Kh2 Rg6 26. Rg1 Be7 27. Qf2 Qa6 28.
Qe2 Bh4 29. g4 fxg4 30. Rxg4 Be7 31. Na4 Qb5 32. Rf1 Rcc6 33. Rfg1 Be6 34. Rxg6
hxg6 35. Rc1 g5 36. Qe4 gxf4 37. Rg1 Rc8 38. Bc1 Qd7 39. Nb6 Qc7 40. Nxc8 Qxc8
41. Qxf4 a4 42. bxa4 Qa6 43. Qg3 g6 44. Bg5 Bxg5 45. Qxg5 Qxd3 46. Qd8+ Kh7 47.
Qh4+ 1/2-1/2